| 000 | 03028ngm a2200661Ia 4500 | ||
|---|---|---|---|
| 001 | ocn317987435 | ||
| 003 | OCoLC | ||
| 005 | 20200320183547.0 | ||
| 007 | vd cvaizk | ||
| 008 | 090407s2009 cau083 vleng d | ||
| 020 | _c21.95 | ||
| 024 | 1 | _a876964001878 | |
| 028 | 4 | 2 |
_a10187 _bMagnolia Home Entertainment |
| 035 | _a(OCoLC)317987435 | ||
| 037 |
_bMidwest Tape _nhttp://www.midwesttapes.com |
||
| 040 |
_aTEFMT _cTEFMT _dTEFMT _dJST _dPX0 _dTEF _dJAO _dWACOL |
||
| 041 | 1 |
_aeng _beng _bspa _heng |
|
| 043 | _aa-cc--- | ||
| 049 | _aWACL | ||
| 050 | 1 | 4 |
_aPN1997.2 _b.T46 2009 |
| 082 | 0 | 4 |
_a791.43/72 _222 |
| 092 |
_aDVD _bTho |
||
| 245 | 0 | 2 |
_aA thousand years of good prayers _h[videorecording] _cMagnolia Pictures and Entertainment Farm present a Good Prayers production ; a Wayne Wang film ; produced by Yuke Kito ; Rich Gowan ; Wayne Wang ; written by Yiyun Li ; based on a short story by Yiyun Li ; directed by Wanye Wang. |
| 260 |
_aLos Angeles, CA : _bMagnolia Home Entertainment, _c[2009] |
||
| 300 |
_a1 videodisc (ca. 83 min.) : _bsd., col. ; _c4 3/4 in. |
||
| 538 | _aDVD; widescreen (1.85:1); Dolby Digital 5.1 and 2.0. | ||
| 546 | _aEnglish dialog; English or Spanish subtitles; closed-captioned. | ||
| 511 | 1 | _aFaye Yu, Henry O, Vida Ghahremani, Pasha Lychnkoff. | |
| 500 | _aOriginally released as a motion picture in 2007. | ||
| 521 | 8 | _aNot rated; contains some adult subject matter. | |
| 520 | _aA Chinese man who travels to America to see his divorced daughter remarry cannot complete his journey when he realizes a generational and geographical divide has developed between them. | ||
| 500 | _aSpecial features: Interview with Yiyun Li and Henry O; photo gallery. | ||
| 586 | _aWinner of the Golden Shell for Best Picture and Best Actor: Henry O, 2008, San Sebastian Film Festival. | ||
| 650 | 0 |
_aFathers and daughters _vDrama. _95690624 |
|
| 651 | 0 |
_aChina _xHistory _yCultural Revolution, 1966-1976 _vDrama. _95852157 |
|
| 650 | 0 |
_aGenerations _vDrama. _95852158 |
|
| 650 | 0 |
_aDivorced women _vDrama. _95781278 |
|
| 650 | 0 |
_aCulture conflict _vDrama. _95852159 |
|
| 650 | 7 |
_aGeneraciones _vTeatro. _2bidex _95852160 |
|
| 650 | 7 |
_aDivorciadas _vTeatro. _2bidex _95852161 |
|
| 650 | 7 |
_aConflictos culturales _vTeatro. _2bidex _95852162 |
|
| 655 | 0 |
_aFeature films. _95852163 |
|
| 655 | 0 |
_aFiction films. _95674705 |
|
| 655 | 0 |
_aVideo recordings for the hearing impaired. _95852164 |
|
| 700 | 1 |
_aLi, Yiyun, _d1972- _95852165 |
|
| 700 | 1 |
_aWang, Wayne, _d1949- _4drt _941014 |
|
| 700 | 1 |
_aYu, Faye. _95852166 |
|
| 700 | 1 |
_aO, Henry. _95762390 |
|
| 700 | 1 |
_aGhahremani, Vida. _95852167 |
|
| 700 | 1 |
_aLychnkoff, Pasha. _95852168 |
|
| 710 | 2 |
_aMagnolia Pictures (Firm) _971060 |
|
| 710 | 2 |
_aEntertainment Farm (Firm) _974494 |
|
| 710 | 2 |
_aMagnolia Home Entertainment (Firm) _973285 |
|
| 942 |
_cDVD _053 |
||
| 948 |
_a08/05/2009 _zSirsi |
||
| 994 |
_a02 _bWACOL |
||
| 996 |
_a72170 _b34301000867731 _cDVD _dDVD _ewcl _fi _g53 _h21.95 _lMicroMarketing _mTho _p08/05/2009 _q02/14/2019 _r02/08/2019 |
||
| 999 |
_c270751 _d270751 |
||